|
|
|
|
| LEADER |
00000nam0a2200000 4500 |
| 001 |
231260 |
| 005 |
20231101231052.0 |
| 010 |
|
|
|a 5855822427
|
| 035 |
|
|
|a (RuTPU)RU\TPU\book\252276
|
| 090 |
|
|
|a 231260
|
| 100 |
|
|
|a 20130130d2013 km y0rusy50 ca
|
| 101 |
1 |
|
|a rus
|c eng
|
| 102 |
|
|
|a RU
|
| 105 |
|
|
|a a z 000zy
|
| 200 |
1 |
|
|a Создание WEB-приложений на языке Java c помощью сервлетов, JSP и EJB
|e пер. с англ.
|f Б. Курняван
|
| 210 |
|
|
|a Москва
|c Лори
|d 2013
|
| 215 |
|
|
|a 880 с.
|c ил.
|
| 330 |
|
|
|a Данная книга является исчерпывающим руководством по web-программированию на языке Java. Она охватывает все технологии, необходимые для программирования на стороне клиента с помощью JavaScript и web-приложений на Java с помощью сервлетов 2.3, JSP 1.2, EJB 2.0. Эти технологии описываются в контексте реальных проектов, таких как приложения е-коммерции, программы управления документами, пересылки файлов и программной загрузки файлов, проекта сетевой книги на основе XML.
|
| 606 |
1 |
|
|a Веб-страницы
|x Разработка
|2 stltpush
|3 (RuTPU)RU\TPU\subj\53314
|9 71629
|
| 610 |
1 |
|
|a сервлеты
|
| 610 |
1 |
|
|a технология
|
| 610 |
1 |
|
|a устройство
|
| 610 |
1 |
|
|a создание
|
| 610 |
1 |
|
|a базы данных
|
| 610 |
1 |
|
|a файлы
|
| 610 |
1 |
|
|a безопасность
|
| 610 |
1 |
|
|a программирование
|
| 610 |
1 |
|
|a масштабируемые приложения
|
| 610 |
1 |
|
|a JAVA - приложения
|
| 610 |
1 |
|
|a JSP
|
| 675 |
|
|
|a 004.774
|v 4
|
| 700 |
|
1 |
|a Курняван
|b Б.
|g Буди
|
| 801 |
|
1 |
|a RU
|b 63413507
|c 20130130
|
| 801 |
|
2 |
|a RU
|b 63413507
|c 20140515
|g RCR
|
| 942 |
|
|
|c BK
|
| 959 |
|
|
|a 14/20130130
|d 1
|e 1045,00
|f ЧЗТЛ:1
|